| 000 | 00814cam a2200157 4500500 | ||
|---|---|---|---|
| 005 | 20260405005038.0 | ||
| 041 | _afre | ||
| 042 | _adc | ||
| 100 | 1 | 0 |
_aMambrino, Jean _eauthor |
| 245 | 0 | 0 | _aCinéma |
| 260 | _c2002. | ||
| 500 | _a95 | ||
| 520 | _aRésumé« Quand le canari de mes parents chantait, de drôles de petites lumières vivement colorées apparaissaient dans l’évier de la cuisine. Mon père m’a dit : “Ce sont les spectres de la lumière.” C’est étonnant ce que peut faire un oiseau ! Quand le chant du canari s’arrêtait, les spectres disparaissaient... et le soleil avait cessé d’éclairer sa cage. » | ||
| 786 | 0 | _nÉtudes | 396 | 1 | 2002-01-01 | p. 109-115 | 0014-1941 | |
| 856 | 4 | 1 | _uhttps://shs.cairn.info/revue-etudes-2002-1-page-109?lang=fr&redirect-ssocas=7080 |
| 999 |
_c2080536 _d2080536 |
||